Sylvan Trails: In Portial Fulfilment Of The Requirements For The Degree Of M Arch (Record no. 357844)

MARC details
000 -LEADER
fixed length control field 00530nam a22001697a 4500
005 - DATE AND TIME OF LATEST TRANSACTION
control field 20240430155224.0
008 - FIXED-LENGTH DATA ELEMENTS--GENERAL INFORMATION
fixed length control field 240430b |||||||| |||| 00| 0 eng d
041 ## - LANGUAGE CODE
Language code of text/sound track or separate title eng
082 ## - DEWEY DECIMAL CLASSIFICATION NUMBER
Classification number 720.28
Item number ANA
100 ## - MAIN ENTRY--PERSONAL NAME
Author Anagali Akshada
245 ## - TITLE STATEMENT
Title Sylvan Trails: In Portial Fulfilment Of The Requirements For The Degree Of M Arch
260 ## - PUBLICATION, DISTRIBUTION, ETC.
Place of publication, distribution, etc. Pune
Name of publisher, distributor, etc. BNCA M Arch Digital Architecture
Date of publication, distribution, etc. 2024
300 ## - PHYSICAL DESCRIPTION
Extent 60p
Other physical details Hb
Dimensions 21 x 31
365 ## - TRADE PRICE
Price type code INR
Price amount 150.00
Currency code Rupaye
500 ## - GENERAL NOTE
Keywords BNCA M Arch Digital Architecture Thesis
942 ## - ADDED ENTRY ELEMENTS (KOHA)
Koha item type Project Reports

No items available.